[Event "Stader SV-Hamburger SK"]
[Site "Greifswald"]
[Date "2013.09.12"]
[Round "2.1"]
[White "Kramer, Julian"]
[Black "Vöge, Tobias"]
[Result "0-1"]
[WhiteElo "2137"]
[BlackElo "2043"]
[PlyCount "86"]
[EventDate "2013.??.??"]
[WhiteTeam "Hamburger SK"]
[BlackTeam "Stader SV"]

1. e4 c6 2. d4 d5 3. Nc3 dxe4 4. Nxe4 Nf6 5. Nxf6+ exf6 6. c3 Bd6 7. Bd3 O-O 8.
Qc2 Re8+ 9. Ne2 g6 10. h4 Bg4 11. Be3 Nd7 12. O-O-O b5 13. Kb1 Nb6 14. h5 Qc7
15. Bh6 Bxe2 16. Bxe2 Nd5 17. Bd3 Nf4 18. hxg6 fxg6 19. Qb3+ Nd5 20. Rh3 a5 21.
Rdh1 Re7 22. g4 Rae8 23. Bd2 Bf4 24. Bxg6 Bxd2 25. Bxe8 Rxe8 26. Rxh7 Re1+ 27.
Kc2 Qf4 28. Rh8+ Kg7 29. R1h7+ Kg6 30. Rh6+ Kf7 31. R6h7+ Kg6 32. Rh6+ Qxh6 33.
Rxh6+ Bxh6 34. Qa3 Re2+ 35. Kd1 Rxf2 36. Qc5 Ne3+ 37. Ke1 Nxg4 38. Kd1 Bd2 39.
Kc2 Ne5 40. Kd1 Nc4 41. Kc2 Bg5+ 42. Kd3 Nxb2+ 43. Ke4 Rf4+ 0-1

[Event "Stader SV-Hamburger SK"]
[Site "Greifswald"]
[Date "2013.09.12"]
[Round "2.2"]
[White "Hammann, Jonas"]
[Black "Hinrichs, Lars"]
[Result "1-0"]
[WhiteElo "1859"]
[BlackElo "2068"]
[PlyCount "65"]
[EventDate "2013.??.??"]
[WhiteTeam "Stader SV"]
[BlackTeam "Hamburger SK"]

1. Nc3 c5 2. d4 cxd4 3. Qxd4 Nc6 4. Qh4 Qb6 5. e4 e6 6. Bd3 Nb4 7. Nge2 Nxd3+
8. cxd3 Qa6 9. Qg3 b5 10. Nd4 d6 11. Ndxb5 Qc6 12. Be3 a6 13. Nd4 Qb7 14. b3 e5
15. Nf3 Nf6 16. Bg5 Be6 17. O-O Be7 18. Bxf6 gxf6 19. Nh4 Kd7 20. Qf3 Rag8 21.
Nf5 Rg5 22. Ne3 f5 23. h4 Rg6 24. Nxf5 Rhg8 25. g3 Bxf5 26. Qxf5+ Ke8 27. Nd5
Bxh4 28. Rac1 Kd8 29. Rc7 Qxc7 30. Nxc7 Bxg3 31. fxg3 Rxg3+ 32. Kh1 R3g6 33.
Rf2 1-0

[Event "Stader SV-Hamburger SK"]
[Site "Greifswald"]
[Date "2013.09.12"]
[Round "2.3"]
[White "Rogozenco, Teodora"]
[Black "Dittmann, Tobias"]
[Result "1-0"]
[WhiteElo "1921"]
[BlackElo "1605"]
[PlyCount "85"]
[EventDate "2013.??.??"]
[WhiteTeam "Hamburger SK"]
[BlackTeam "Stader SV"]

1. d4 d5 2. c4 e6 3. Nc3 Nf6 4. cxd5 exd5 5. Bg5 Be7 6. Qc2 c6 7. e3 Nbd7 8.
Bd3 h6 9. Bh4 Nb6 10. Nf3 Be6 11. O-O O-O 12. h3 Re8 13. Ne5 Nfd7 14. Bg3 Nxe5
15. dxe5 Bc5 16. Kh2 Qe7 17. Rae1 d4 18. Ne4 Bb4 19. Rc1 dxe3 20. a3 Bd2 21.
Nxd2 exd2 22. Qxd2 Rad8 23. Qe2 Bd5 24. Bb1 Nd7 25. f4 g6 26. Qg4 h5 27. Qe2
Nf8 28. Qf2 Qd7 29. f5 a6 30. f6 Ne6 31. Bxg6 fxg6 32. f7+ Kh7 33. fxe8=Q Rxe8
34. Qf7+ Qxf7 35. Rxf7+ Kg8 36. Rxb7 Nd4 37. Ra7 Nb3 38. Rf1 a5 39. Rf6 Be4 40.
e6 Nc5 41. e7 Kg7 42. Rf8 Rxf8 43. exf8=Q+ 1-0

[Event "Stader SV-Hamburger SK"]
[Site "Greifswald"]
[Date "2013.09.12"]
[Round "2.4"]
[White "Kragge, Jan"]
[Black "Elbracht, Michael"]
[Result "1/2-1/2"]
[WhiteElo "1397"]
[BlackElo "1772"]
[PlyCount "47"]
[EventDate "2013.??.??"]
[WhiteTeam "Stader SV"]
[BlackTeam "Hamburger SK"]

1. e4 c5 2. Nf3 e6 3. d4 cxd4 4. Nxd4 a6 5. Nc3 Qc7 6. Bd3 Nf6 7. O-O Nc6 8.
Nb3 b5 9. Qe2 Bb7 10. Bd2 Be7 11. Rae1 d6 12. Kh1 O-O 13. f4 Rad8 14. e5 dxe5
15. fxe5 Nd5 16. Rf3 Nxc3 17. Bxc3 Nb4 18. Bxh7+ Kxh7 19. Rh3+ Kg8 20. Qh5 f5
21. exf6 Rxf6 22. Qh8+ Kf7 23. Qh5+ Kg8 24. Qh8+ 1/2-1/2

[Event "SV Merseburg-USV Potsdam"]
[Site "Greifswald"]
[Date "2013.09.12"]
[Round "2.1"]
[White "Eichstädt, Mirko"]
[Black "Knopf, Felix"]
[Result "1/2-1/2"]
[WhiteElo "1954"]
[BlackElo "1968"]
[PlyCount "47"]
[EventDate "2013.??.??"]
[WhiteTeam "USV Potsdam"]
[BlackTeam "SV Merseburg"]

1. d4 d5 2. c4 c6 3. Nf3 Nf6 4. Nc3 e6 5. e3 Nbd7 6. Qc2 Bd6 7. e4 dxe4 8. Nxe4
Nxe4 9. Qxe4 c5 10. Bg5 Qa5+ 11. Bd2 Qb6 12. O-O-O Nf6 13. Qh4 Bd7 14. Bg5 Be7
15. Ne5 Rd8 16. Be2 h6 17. Ng4 Nd5 18. Bxe7 Nxe7 19. Ne5 cxd4 20. Qxd4 Qxd4 21.
Rxd4 Nc6 22. Rxd7 Rxd7 23. Nxd7 Kxd7 24. Rd1+ 1/2-1/2

[Event "SV Merseburg-USV Potsdam"]
[Site "Greifswald"]
[Date "2013.09.12"]
[Round "2.2"]
[White "Hoffmann, Dustin"]
[Black "Cech, Tim"]
[Result "0-1"]
[WhiteElo "1754"]
[BlackElo "1803"]
[PlyCount "58"]
[EventDate "2013.??.??"]
[WhiteTeam "SV Merseburg"]
[BlackTeam "USV Potsdam"]

1. e4 e6 2. d4 d5 3. Nc3 Nf6 4. e5 Nfd7 5. f4 c5 6. Nf3 Nc6 7. Be3 cxd4 8. Nxd4
Bc5 9. Bb5 Qc7 10. O-O O-O 11. Kh1 a6 12. Be2 b5 13. Rf3 b4 14. Na4 Bxd4 15.
Bxd4 Nxd4 16. Qxd4 Qxc2 17. Bd1 Qc4 18. Qxc4 dxc4 19. Rc1 Bb7 20. Rf2 Bd5 21.
a3 a5 22. Rd2 Rac8 23. Bf3 Nc5 24. Nb6 Nb3 25. Nxc8 Rxc8 26. Bxd5 exd5 27. Rdd1
Nxc1 28. Rxc1 c3 29. bxc3 Rxc3 0-1

[Event "SV Merseburg-USV Potsdam"]
[Site "Greifswald"]
[Date "2013.09.12"]
[Round "2.3"]
[White "Werthmann, Nils"]
[Black "Le Hong, Quang Anh"]
[Result "1-0"]
[WhiteElo "1833"]
[BlackElo "1538"]
[PlyCount "45"]
[EventDate "2013.??.??"]
[WhiteTeam "USV Potsdam"]
[BlackTeam "SV Merseburg"]

1. e4 c5 2. Nc3 Nc6 3. g3 g6 4. Bg2 Bg7 5. d3 d6 6. Be3 Bd7 7. Qd2 e6 8. Nge2
Nge7 9. Bh6 O-O 10. h4 f5 11. h5 Be8 12. hxg6 Bxg6 13. Bxg7 Kxg7 14. Qh6+ Kg8
15. Nf4 Qd7 16. O-O-O Nd4 17. Rde1 e5 18. Nxg6 Nxg6 19. f4 Rae8 20. exf5 Nxf5
21. Bd5+ Kh8 22. Qxg6 exf4 23. Rxe8 1-0

[Event "SV Merseburg-USV Potsdam"]
[Site "Greifswald"]
[Date "2013.09.12"]
[Round "2.4"]
[White "Handke, Moritz"]
[Black "Ender, Paul Marius"]
[Result "1/2-1/2"]
[WhiteElo "1485"]
[BlackElo "1519"]
[PlyCount "50"]
[EventDate "2013.??.??"]
[WhiteTeam "SV Merseburg"]
[BlackTeam "USV Potsdam"]

1. e4 e5 2. Nf3 d6 3. c3 Nf6 4. Qc2 Be7 5. d4 exd4 6. cxd4 Bg4 7. Nbd2 O-O 8.
h3 Bxf3 9. Nxf3 Re8 10. Bd3 h6 11. O-O Bf8 12. Bf4 Nbd7 13. Rfe1 Rc8 14. Qb3
Nb6 15. e5 Nfd5 16. Bg3 c6 17. Bh4 Be7 18. Bxe7 Rxe7 19. Rad1 dxe5 20. dxe5 Qc7
21. Re2 Nf4 22. Re4 Nxd3 23. Rxd3 Nd7 24. Qc2 Rce8 25. Rde3 Nxe5 1/2-1/2

[Event "SK Doppelbauer Kiel-Treptower SV"]
[Site "Greifswald"]
[Date "2013.09.12"]
[Round "2.1"]
[White "Pixa, Richard"]
[Black "Beeck, Mats"]
[Result "0-1"]
[WhiteElo "1993"]
[BlackElo "1839"]
[PlyCount "92"]
[EventDate "2013.??.??"]
[WhiteTeam "Treptower SV"]
[BlackTeam "SK Doppelbauer Kiel"]

1. e4 c5 2. Nf3 d6 3. d4 cxd4 4. Qxd4 a6 5. Nc3 Nc6 6. Qd3 Nf6 7. g3 g6 8. Bg2
Bg7 9. O-O O-O 10. a4 Bd7 11. h3 Rc8 12. Be3 Na5 13. Nd2 Qc7 14. f4 Be6 15. Bd4
Nc6 16. e5 Nxd4 17. Qxd4 Nd7 18. Qb4 dxe5 19. Qxe7 exf4 20. Nd5 Bxd5 21. Bxd5
Bf6 22. Qb4 fxg3 23. Ne4 Be5 24. c3 a5 25. Qe7 Qb6+ 26. Kh1 Qxb2 27. Bxf7+ Kh8
28. Nxg3 Bxg3 29. Ra2 Qxa2 30. Bxa2 Rxf1+ 31. Kg2 Rf2+ 32. Kxg3 Rxa2 33. Qxd7
Rxc3+ 34. Kf4 Rc4+ 35. Kg5 Rg2+ 36. Kf6 Rf2+ 37. Ke7 Re4+ 38. Kd8 Ref4 39. Qd5
Rf8+ 40. Kc7 R8f7+ 41. Kb8 R2f5 42. Qd4+ Kg8 43. Kc8 g5 44. h4 h6 45. h5 b5 46.
axb5 Rg7 0-1

[Event "SK Doppelbauer Kiel-Treptower SV"]
[Site "Greifswald"]
[Date "2013.09.12"]
[Round "2.2"]
[White "Pluska, Alexander"]
[Black "Klodt, Daniel"]
[Result "1/2-1/2"]
[WhiteElo "1867"]
[BlackElo "1752"]
[PlyCount "50"]
[EventDate "2013.??.??"]
[WhiteTeam "SK Doppelbauer Kiel"]
[BlackTeam "Treptower SV"]

1. d4 d5 2. c4 e6 3. Nf3 Nf6 4. Nc3 Nbd7 5. Qc2 c6 6. e3 Be7 7. Bd3 dxc4 8.
Bxc4 O-O 9. O-O Re8 10. e4 Nb6 11. Bd3 h6 12. a3 Nbd7 13. e5 Nd5 14. Ne4 Qb6
15. b4 a5 16. bxa5 Qxa5 17. Bd2 Qc7 18. Qb2 Qb6 19. Qxb6 N7xb6 20. Nc5 Nd7 21.
Bb4 b6 22. Nxd7 Bxb4 23. Nxb6 Rxa3 24. Rxa3 Bxa3 25. Nxd5 cxd5 1/2-1/2

[Event "SK Doppelbauer Kiel-Treptower SV"]
[Site "Greifswald"]
[Date "2013.09.12"]
[Round "2.3"]
[White "Hesse, Henrik"]
[Black "Wanner, Lukas"]
[Result "0-1"]
[WhiteElo "1512"]
[BlackElo "1817"]
[PlyCount "54"]
[EventDate "2013.??.??"]
[WhiteTeam "Treptower SV"]
[BlackTeam "SK Doppelbauer Kiel"]

1. c4 e5 2. Nc3 d6 3. g3 g6 4. Bg2 Bg7 5. e3 f5 6. Nge2 Nf6 7. O-O c6 8. d4
Nbd7 9. d5 c5 10. e4 fxe4 11. Nxe4 Nxe4 12. Bxe4 Nf6 13. Bg2 Bf5 14. Nc3 O-O
15. Bd2 Bd3 16. Re1 Bxc4 17. Bh3 Ba6 18. Be6+ Kh8 19. Bg5 b6 20. f4 exf4 21.
Qa4 Bb7 22. Bxf4 Nh5 23. Rf1 Bd4+ 24. Kh1 Nxf4 25. Rxf4 Rxf4 26. gxf4 Qf6 27.
Rf1 Qxe6 0-1

[Event "SK Doppelbauer Kiel-Treptower SV"]
[Site "Greifswald"]
[Date "2013.09.12"]
[Round "2.4"]
[White "Petersen, Finn Christopher"]
[Black "Pixa, Ulrich"]
[Result "0-1"]
[WhiteElo "1573"]
[BlackElo "1551"]
[PlyCount "124"]
[EventDate "2013.??.??"]
[WhiteTeam "SK Doppelbauer Kiel"]
[BlackTeam "Treptower SV"]

1. e4 e5 2. Nf3 Nc6 3. d4 exd4 4. Nxd4 Bc5 5. Nb3 Bb6 6. Nc3 d6 7. Bd3 h6 8.
Bf4 Nge7 9. Qf3 Ng6 10. O-O-O Be6 11. Nd5 Qd7 12. h3 O-O-O 13. Bb5 Qe8 14. Bg3
Bd7 15. Rhe1 Nce5 16. Bxd7+ Qxd7 17. Qc3 Qc6 18. Bxe5 dxe5 19. Nxb6+ Qxb6 20.
Qc5 Qxc5 21. Nxc5 b6 22. Nb3 Nf4 23. Rd2 Rxd2 24. Nxd2 g5 25. Nf3 f6 26. g3
Nxh3 27. Rf1 Kd7 28. Ng1 Nxg1 29. Rxg1 h5 30. Kd2 Ke6 31. Ke3 f5 32. exf5+ Kxf5
33. f3 g4 34. fxg4+ hxg4 35. Rf1+ Ke6 36. Rf2 Rh5 37. Ke4 Rh6 38. Rf8 Rh3 39.
Re8+ Kf6 40. Rxe5 Rxg3 41. Rf5+ Kg6 42. Rf2 Rh3 43. Kf4 Kh5 44. Re2 Rf3+ 45.
Ke4 Kh4 46. Rd2 Kg3 47. Rd7 Kg2 48. Rxc7 g3 49. Rxa7 Kf2 50. Rg7 g2 51. Rxg2+
Kxg2 52. c4 Rf2 53. b4 Rxa2 54. Kd5 Kf3 55. c5 b5 56. c6 Rc2 57. Kd6 Ke4 58.
Kd7 Kd5 59. c7 Rxc7+ 60. Kxc7 Kc4 61. Kc6 Kxb4 62. Kd5 Kc3 0-1

[Event "Greifswalder SV-Königsspr. Hamburg"]
[Site "Greifswald"]
[Date "2013.09.12"]
[Round "2.1"]
[White "Spät, Alexander"]
[Black "Altenstein, Benjamin"]
[Result "1-0"]
[WhiteElo "2019"]
[BlackElo "1345"]
[PlyCount "57"]
[EventDate "2013.??.??"]
[WhiteTeam "Königsspr. Hamburg"]
[BlackTeam "Greifswalder SV"]

1. e4 c6 2. d4 d5 3. f3 e6 4. Nc3 Nf6 5. Bf4 Nbd7 6. e5 Nh5 7. Be3 g6 8. g4 Ng7
9. Qd2 h6 10. O-O-O g5 11. h4 gxh4 12. Bxh6 Be7 13. Bxg7 Rh7 14. Bf6 Nxf6 15.
exf6 Bxf6 16. f4 Qc7 17. Nf3 Bd7 18. Ne5 O-O-O 19. Bd3 Rg7 20. g5 Bxe5 21. dxe5
Rh8 22. Qf2 h3 23. Qxa7 b6 24. Ba6+ Kd8 25. Qa8+ Bc8 26. Bxc8 Qxc8 27. Qa3 Rgh7
28. Ne4 Qc7 29. Nd6 1-0

[Event "Greifswalder SV-Königsspr. Hamburg"]
[Site "Greifswald"]
[Date "2013.09.12"]
[Round "2.2"]
[White "Sbach, Lennart"]
[Black "Pfreundt, Jakob"]
[Result "0-1"]
[WhiteElo "1282"]
[BlackElo "1903"]
[PlyCount "62"]
[EventDate "2013.??.??"]
[WhiteTeam "Greifswalder SV"]
[BlackTeam "Königsspr. Hamburg"]

1. e4 e5 2. Nf3 Nc6 3. Bb5 a6 4. Bxc6 dxc6 5. d3 Bd6 6. O-O Bg4 7. Re1 Qf6 8.
Nbd2 Ne7 9. h3 Be6 10. Nf1 h6 11. Ng3 g5 12. d4 O-O-O 13. Qe2 Ng6 14. Nh5 Qe7
15. Ng7 g4 16. Nxe5 Bxe5 17. dxe5 gxh3 18. Nf5 Qd7 19. Qg4 hxg2 20. f4 Rhg8 21.
Qh5 Bxf5 22. exf5 Ne7 23. Qxf7 Nxf5 24. e6 Qxf7 25. exf7 Rg7 26. Re8 Rxf7 27.
Rxd8+ Kxd8 28. Kxg2 Rd7 29. c4 Rd1 30. Kf2 h5 31. Ke2 Rg1 0-1

[Event "Greifswalder SV-Königsspr. Hamburg"]
[Site "Greifswald"]
[Date "2013.09.12"]
[Round "2.3"]
[White "Lemke, Berfin"]
[Black "Altenstein, Jonas"]
[Result "1-0"]
[WhiteElo "1695"]
[BlackElo "1221"]
[PlyCount "85"]
[EventDate "2013.??.??"]
[WhiteTeam "Königsspr. Hamburg"]
[BlackTeam "Greifswalder SV"]

1. e4 e5 2. Nf3 Nc6 3. Bc4 Bc5 4. d3 d6 5. c3 Bg4 6. Nbd2 Nf6 7. Bb3 Qe7 8. Nf1
O-O-O 9. Ne3 Be6 10. O-O h6 11. Nd5 Bxd5 12. Bxd5 Nxd5 13. exd5 Nb8 14. b4 Bb6
15. a4 a6 16. a5 Ba7 17. Qb3 Qd7 18. c4 Rde8 19. b5 Bc5 20. Rb1 b6 21. bxa6
Nxa6 22. axb6 Bxb6 23. d4 f6 24. Qa3 Kb7 25. c5 dxc5 26. dxc5 Nxc5 27. Qxc5 Kc8
28. Rxb6 e4 29. Nd4 Re5 30. Ra6 Qxd5 31. Qxd5 Rxd5 32. Ra8+ Kd7 33. Rxh8 Rxd4
34. Rh7 Ke6 35. Rxg7 c5 36. Be3 Rc4 37. Rc1 Ra4 38. Bxc5 f5 39. Rg6+ Ke5 40.
Rd1 f4 41. Rxh6 Kf5 42. Rd5+ Kg4 43. h3# 1-0

[Event "Greifswalder SV-Königsspr. Hamburg"]
[Site "Greifswald"]
[Date "2013.09.12"]
[Round "2.4"]
[White "Finke, Adrian"]
[Black "Samm, Bastian"]
[Result "1-0"]
[WhiteElo "1050"]
[BlackElo "1417"]
[PlyCount "67"]
[EventDate "2013.??.??"]
[WhiteTeam "Greifswalder SV"]
[BlackTeam "Königsspr. Hamburg"]

1. e4 c5 2. Nc3 Nc6 3. Bb5 e6 4. d3 Nge7 5. Bg5 a6 6. Bxc6 bxc6 7. Nf3 Qb6 8.
b3 Ng6 9. Na4 Qc7 10. c4 h6 11. Bd2 Nf4 12. O-O Nxd3 13. Bc3 Qd6 14. Qd2 Nf4
15. Rfd1 Qxd2 16. Rxd2 Bb7 17. g3 Ng6 18. Nb6 Rd8 19. Ne5 d6 20. Nxg6 fxg6 21.
Rad1 Kf7 22. Rd3 Kg8 23. Ba5 g5 24. Na4 Rd7 25. Nxc5 Re7 26. Rxd6 Rf7 27. Nxb7
Rxb7 28. Rd7 Rxd7 29. Rxd7 Bc5 30. Rc7 Kh7 31. Rxc6 Bd4 32. Rxe6 Rf8 33. Bb6
Bxb6 34. Rxb6 1-0

[Event "SK Wildeshausen-SV Bad Schwartau"]
[Site "Greifswald"]
[Date "2013.09.12"]
[Round "2.1"]
[White "Reinhardt, Johannes"]
[Black "Grigorian, Spartak"]
[Result "0-1"]
[WhiteElo "1792"]
[BlackElo "2155"]
[PlyCount "108"]
[EventDate "2013.??.??"]
[WhiteTeam "SV Bad Schwartau"]
[BlackTeam "SK Wildeshausen"]

1. e4 c5 2. c4 Nc6 3. Nc3 g6 4. d3 Bg7 5. g3 a6 6. Bg2 b5 7. Nge2 Rb8 8. cxb5
axb5 9. O-O e6 10. f4 Nge7 11. e5 d5 12. exd6 Qxd6 13. Ne4 Qd8 14. Kh1 O-O 15.
Nxc5 Nb4 16. Qb3 Nbd5 17. Nc3 Nxc3 18. bxc3 b4 19. Bb2 Qc7 20. d4 bxc3 21. Qxc3
Rxb2 22. Qxb2 Qxc5 23. dxc5 Bxb2 24. Rab1 Ba3 25. c6 Ba6 26. Rfd1 Nd5 27. Bxd5
exd5 28. Rxd5 Rc8 29. Rb6 Bc4 30. Rd7 Bc5 31. Rb2 Rxc6 32. Kg2 Ba3 33. Rbd2 Be6
34. R7d3 Ra6 35. Kf3 h5 36. Rf2 Kg7 37. Rc3 Bb4 38. Rcc2 Be1 39. Rf1 Ra3+ 40.
Kg2 Bd5+ 41. Kh3 Ba5 42. Rff2 Bb6 43. Rfe2 Bf3 44. Re7 Bg4+ 45. Kg2 h4 46. gxh4
Bh3+ 47. Kh1 Rf3 48. Re1 Rxf4 49. Rb2 Bf2 50. Rc1 Bf5 51. Kg2 Be4+ 52. Kh3 Rf3+
53. Kg4 f5+ 54. Kg5 Be3# 0-1

[Event "SK Wildeshausen-SV Bad Schwartau"]
[Site "Greifswald"]
[Date "2013.09.12"]
[Round "2.2"]
[White "Finke, Maurice"]
[Black "Rost, Henning"]
[Result "1-0"]
[WhiteElo "1912"]
[BlackElo "1622"]
[PlyCount "109"]
[EventDate "2013.??.??"]
[WhiteTeam "SK Wildeshausen"]
[BlackTeam "SV Bad Schwartau"]

1. d4 f5 2. c4 g6 3. Nc3 Nf6 4. g3 Nc6 5. Nf3 Bg7 6. Bg2 d6 7. O-O O-O 8. Re1
Ne4 9. d5 Nxc3 10. bxc3 Na5 11. Qd3 b6 12. Nd4 Bxd4 13. cxd4 Ba6 14. Qa3 Bxc4
15. Bd2 Nb7 16. Qa4 b5 17. Qa6 Qb8 18. e4 fxe4 19. Rxe4 Bxd5 20. Rxe7 Bxg2 21.
Kxg2 Rxf2+ 22. Kxf2 Qf8+ 23. Kg1 Qxe7 24. Qxb7 Rf8 25. Qd5+ Kg7 26. Re1 Qf6 27.
Bf4 h6 28. Re6 Qf7 29. Qe4 Qf5 30. Re7+ Rf7 31. Qxf5 gxf5 32. Bxh6+ Kg6 33.
Rxf7 Kxf7 34. Bf4 Ke6 35. h4 c5 36. dxc5 dxc5 37. Be3 c4 38. Bxa7 b4 39. Bc5 b3
40. axb3 cxb3 41. Ba3 Ke5 42. Bb2+ Ke6 43. Kf2 Kf7 44. Kf3 Kg6 45. Kf4 Kh5 46.
Kxf5 Kh6 47. g4 Kh7 48. h5 Kh6 49. Kf6 Kh7 50. g5 Kh8 51. Kg6+ Kg8 52. h6 Kf8
53. Kf6 Kg8 54. g6 Kh8 55. Kf7# 1-0

[Event "SK Wildeshausen-SV Bad Schwartau"]
[Site "Greifswald"]
[Date "2013.09.12"]
[Round "2.3"]
[White "Saß, Patrick"]
[Black "Ngo, Minh Duc"]
[Result "1/2-1/2"]
[WhiteElo "1598"]
[BlackElo "1924"]
[PlyCount "79"]
[EventDate "2013.??.??"]
[WhiteTeam "SV Bad Schwartau"]
[BlackTeam "SK Wildeshausen"]

1. Nf3 g6 2. e3 Bg7 3. Be2 d5 4. d3 e5 5. O-O Ne7 6. c4 O-O 7. e4 dxe4 8. dxe4
Nbc6 9. Be3 Be6 10. Nc3 Nd4 11. Nd5 Nxf3+ 12. Bxf3 c6 13. Nxe7+ Qxe7 14. Qc2 f5
15. Rad1 f4 16. Bc1 g5 17. Qe2 Rad8 18. Bg4 Qf7 19. Bxe6 Qxe6 20. b3 Rfe8 21.
Ba3 b6 22. Rd3 Rxd3 23. Qxd3 Bf6 24. Rd1 Rd8 25. Qc2 Rd4 26. Bb2 Rxd1+ 27. Qxd1
Be7 28. h3 h6 29. Kf1 Kh7 30. Qg4 Qxg4 31. hxg4 Bd6 32. Ke2 Kg6 33. Kd3 h5 34.
f3 hxg4 35. fxg4 Kf6 36. a4 Ke6 37. Bc3 Bc5 38. a5 b5 39. cxb5 cxb5 40. b4
1/2-1/2

[Event "SK Wildeshausen-SV Bad Schwartau"]
[Site "Greifswald"]
[Date "2013.09.12"]
[Round "2.4"]
[White "Schumann, Steffen"]
[Black "Kagel, Jan-Malte"]
[Result "1-0"]
[WhiteElo "1793"]
[BlackElo "1175"]
[PlyCount "59"]
[EventDate "2013.??.??"]
[WhiteTeam "SK Wildeshausen"]
[BlackTeam "SV Bad Schwartau"]

1. e4 d5 2. exd5 Qxd5 3. Nc3 Qd6 4. d4 Nf6 5. Bd3 c6 6. Nge2 e6 7. Bf4 Qd8 8.
Qd2 Bd6 9. Bg3 Nd5 10. Ne4 Bxg3 11. hxg3 Qe7 12. a3 b6 13. c4 Nc7 14. Qf4 e5
15. dxe5 Ne6 16. Qe3 Nd7 17. Nd6+ Kd8 18. f4 Ndf8 19. b4 Nd7 20. Be4 Nb8 21.
Rd1 Bd7 22. f5 Nf8 23. b5 Kc7 24. Qf4 h6 25. bxc6 Nxc6 26. Nxf7 Qxa3 27. e6+
Kb7 28. Nd6+ Ka6 29. exd7 Nxd7 30. Bxc6 1-0

[Event "Hagener SV-Schachunion Berlin"]
[Site "Greifswald"]
[Date "2013.09.12"]
[Round "2.1"]
[White "Geldner, Gerrit"]
[Black "Worpenberg, Lukas"]
[Result "1-0"]
[WhiteElo "1788"]
[BlackElo "1802"]
[PlyCount "47"]
[EventDate "2013.??.??"]
[WhiteTeam "Schachunion Berlin"]
[BlackTeam "Hagener SV"]

1. c4 e5 2. Nc3 Nc6 3. d3 d6 4. Nf3 Be7 5. e4 f5 6. Be2 Nf6 7. a3 fxe4 8. dxe4
Bg4 9. Be3 Qd7 10. h3 Be6 11. Ng5 O-O-O 12. Nxe6 Qxe6 13. b4 h6 14. b5 Na5 15.
Nd5 Kb8 16. Qa4 b6 17. Bd2 Nb7 18. Nb4 Na5 19. Na6+ Kb7 20. Bxa5 bxa5 21. Qxa5
Ne8 22. Nb4 d5 23. Nc6 Bc5 24. Nxd8+ 1-0

[Event "Hagener SV-Schachunion Berlin"]
[Site "Greifswald"]
[Date "2013.09.12"]
[Round "2.2"]
[White "Pappert, Florian"]
[Black "Torzinski, Nils"]
[Result "1/2-1/2"]
[WhiteElo "1676"]
[BlackElo "1803"]
[PlyCount "99"]
[EventDate "2013.??.??"]
[WhiteTeam "Hagener SV"]
[BlackTeam "Schachunion Berlin"]

1. e4 e5 2. Nf3 Nc6 3. Bc4 Bc5 4. d3 Nf6 5. c3 d6 6. O-O Bg4 7. Nbd2 O-O 8. h3
Bh5 9. Re1 a6 10. Bb3 Re8 11. Nf1 d5 12. Ng3 Bg6 13. Bg5 d4 14. c4 Bb4 15. Rf1
h6 16. Bd2 Bxd2 17. Qxd2 Nh5 18. Nxh5 Bxh5 19. Nh2 Qe7 20. f4 Qb4 21. Qxb4 Nxb4
22. g4 Bg6 23. f5 Bh7 24. Rad1 c5 25. a3 Nc6 26. Ba4 Rec8 27. Nf3 f6 28. Rb1
Na7 29. Bd7 Rc7 30. Be6+ Kh8 31. Bd5 Bg8 32. Nd2 Bxd5 33. cxd5 b5 34. Rfc1 Rac8
35. b3 Kg8 36. Rc2 Kf8 37. Rbc1 Ke7 38. Kf2 Kd6 39. Ke2 Rb8 40. Kd1 Rbb7 41. b4
cxb4 42. axb4 Nc8 43. Rxc7 Rxc7 44. Rxc7 Kxc7 45. Nb3 Kb6 46. Kc2 Nd6 47. Nc5
Ka7 48. h4 Kb6 49. Ne6 Ne8 50. Kb3 1/2-1/2

[Event "Hagener SV-Schachunion Berlin"]
[Site "Greifswald"]
[Date "2013.09.12"]
[Round "2.3"]
[White "Lischeid, Kilian"]
[Black "Balasz, Kata"]
[Result "1-0"]
[WhiteElo "1642"]
[BlackElo "1668"]
[PlyCount "109"]
[EventDate "2013.??.??"]
[WhiteTeam "Schachunion Berlin"]
[BlackTeam "Hagener SV"]

1. c4 c5 2. Nc3 Nc6 3. Nf3 g6 4. g3 Bg7 5. Bg2 Nf6 6. d4 cxd4 7. Nxd4 O-O 8.
O-O Qb6 9. Nb3 Qb4 10. c5 Na5 11. Nxa5 Qxa5 12. Be3 Ng4 13. Qd2 Nxe3 14. Qxe3
Re8 15. Rfd1 Rb8 16. a3 f5 17. b4 Qd8 18. Rac1 e5 19. Nb5 e4 20. Qb3+ Kh8 21.
Nd6 Qe7 22. Nxe8 Qxe8 23. f3 exf3 24. Bxf3 b6 25. c6 dxc6 26. Bxc6 Qe7 27. Qd3
Bf6 28. Qd6 Qxd6 29. Rxd6 Bg5 30. Rcd1 Ba6 31. b5 Bc8 32. Kf1 a6 33. a4 Be7 34.
Rd8+ Bxd8 35. Rxd8+ Kg7 36. Bd7 axb5 37. axb5 Bxd7 38. Rxb8 Bxb5 39. Rxb6 Bc4
40. Kf2 h6 41. e3 Bd3 42. h3 h5 43. Kf3 Bf1 44. h4 Bc4 45. Kf4 Kh6 46. Rb7 Bd5
47. Ra7 Bc4 48. Ke5 Bb3 49. Kf6 Bg8 50. Re7 Bc4 51. Rg7 Bd3 52. Rxg6+ Kh7 53.
Kg5 Bc4 54. Rh6+ Kg7 55. Kxh5 1-0

[Event "Hagener SV-Schachunion Berlin"]
[Site "Greifswald"]
[Date "2013.09.12"]
[Round "2.4"]
[White "Hoppe, Michael"]
[Black "Rau, Joshua"]
[Result "0-1"]
[WhiteElo "1596"]
[BlackElo "1461"]
[PlyCount "111"]
[EventDate "2013.??.??"]
[WhiteTeam "Hagener SV"]
[BlackTeam "Schachunion Berlin"]

1. d4 d5 2. Bf4 Nf6 3. f3 Bf5 4. Nc3 e6 5. e3 Bd6 6. Nge2 Nbd7 7. Qd2 Nb6 8.
Bxd6 Qxd6 9. Nf4 e5 10. dxe5 Qxe5 11. O-O-O c6 12. Re1 O-O 13. g4 Bg6 14. h4 h6
15. Qh2 Rfe8 16. g5 Nh5 17. Nxg6 fxg6 18. Qg2 hxg5 19. Rg1 d4 20. Ne4 dxe3 21.
Qxg5 Qxg5 22. Rxg5 Nd5 23. Rxg6 Rf8 24. Rg5 Nhf6 25. Bc4 Kh8 26. Nxf6 gxf6 27.
Rh5+ Kg7 28. Bxd5 Kg6 29. Bf7+ Rxf7 30. Rc5 Re7 31. h5+ Kh6 32. Re2 Rae8 33.
Kd1 Re5 34. Rxe5 Rxe5 35. f4 Re4 36. Ke1 Kxh5 37. f5 Kg5 38. Rg2+ Kxf5 39. Rg7
e2 40. Rg2 Ke5 41. c3 Ra4 42. Rxe2+ Re4 43. Rxe4+ Kxe4 44. Ke2 Kf4 45. Kf2 f5
46. b4 b5 47. a3 a6 48. Ke2 Kg3 49. Kd3 f4 50. Kd4 f3 51. Kc5 f2 52. Kxc6 f1=Q
53. Kb6 Qf6+ 54. Ka5 Qxc3 55. a4 Qc6 56. axb5 0-1

[Event "USC Magdeburg-SK Lehrte"]
[Site "Greifswald"]
[Date "2013.09.12"]
[Round "2.1"]
[White "Thieu, Ngyuen Gia Luat"]
[Black "Nguyen Manh, Hoang"]
[Result "1/2-1/2"]
[WhiteElo "1692"]
[BlackElo "1760"]
[PlyCount "76"]
[EventDate "2013.??.??"]
[WhiteTeam "SK Lehrte"]
[BlackTeam "USC Magdeburg"]

1. e4 e5 2. Nf3 Nc6 3. Bb5 a6 4. Ba4 Nf6 5. d3 b5 6. Bb3 Bc5 7. Be3 Ba7 8. c3
O-O 9. O-O Re8 10. Re1 Bb7 11. Nbd2 Na5 12. Bc2 c5 13. Nf1 d5 14. Ng3 Qc7 15.
Qe2 Rad8 16. Rad1 Bb8 17. h3 c4 18. Bg5 Rd6 19. Nf5 Rde6 20. Bxf6 Rxf6 21. dxc4
Nxc4 22. b3 Nd6 23. Nxd6 Rxd6 24. exd5 Rxd5 25. Rxd5 Bxd5 26. Rd1 Qc6 27. Qd3
Bxf3 28. Qxh7+ Kf8 29. gxf3 Ke7 30. Bf5 Qh6 31. Qxh6 gxh6 32. Rd7+ Kf6 33. Be4
Rc8 34. Rb7 Bd6 35. Rb6 Ke7 36. Rxa6 Rxc3 37. Rb6 b4 38. Bd5 Rc7 1/2-1/2

[Event "USC Magdeburg-SK Lehrte"]
[Site "Greifswald"]
[Date "2013.09.12"]
[Round "2.2"]
[White "Geue, Niklas"]
[Black "Klein, Florian"]
[Result "1-0"]
[WhiteElo "1699"]
[BlackElo "1634"]
[PlyCount "103"]
[EventDate "2013.??.??"]
[WhiteTeam "USC Magdeburg"]
[BlackTeam "SK Lehrte"]

1. e4 c5 2. Nf3 e6 3. d4 cxd4 4. Nxd4 a6 5. Nc3 Bc5 6. Be3 Qb6 7. Na4 Qa5+ 8.
c3 Nf6 9. Nxc5 Qxc5 10. Nxe6 Qe5 11. Nxg7+ Kf8 12. Nf5 Nxe4 13. Ng3 Rg8 14.
Nxe4 Qxe4 15. Qd4 Qe6 16. Bc4 Nc6 17. Qc5+ Qe7 18. Qxe7+ Kxe7 19. O-O Ne5 20.
Be2 d6 21. Kh1 Bf5 22. Rad1 Rg6 23. Bh5 Rgg8 24. Rd4 Rac8 25. Be2 Rg6 26. Rfd1
Rcg8 27. g3 Ng4 28. Bxg4 Bxg4 29. R1d2 Bf3+ 30. Kg1 Re6 31. c4 f5 32. Kf1 Rg4
33. Bf4 Rgg6 34. b4 h5 35. c5 d5 36. a4 h4 37. Bd6+ Kd7 38. Rxh4 Rh6 39. Rxh6
Rxh6 40. h4 Re6 41. Bf4 Kc6 42. Be3 Re4 43. Rd4 Rxd4 44. Bxd4 Bh5 45. Ke1 Kd7
46. Kd2 Ke6 47. Ke3 Bd1 48. a5 Bh5 49. Kf4 Bg6 50. Kg5 Kf7 51. h5 Bh7 52. b5
1-0